|
|
|
|
| LEADER |
01884nam a2200469 4500 |
| 001 |
ocn861528442 |
| 003 |
OCoLC |
| 005 |
20180501122013.0 |
| 006 |
m o d |
| 007 |
cr cn||||||||| |
| 008 |
130919s2013 mauad ob 001 0 eng d |
| 040 |
|
|
|a E7B
|b eng
|e rda
|e pn
|c E7B
|d UIU
|d YDXCP
|d COO
|d OPELS
|d N$T
|d OCLCF
|d DEBSZ
|d OCLCO
|d OCLCQ
|d OCLCO
|d DEBBG
|d GrThAP
|
| 019 |
|
|
|a 861068580
|a 978017908
|
| 020 |
|
|
|a 9780124169678
|q (electronic bk.)
|
| 020 |
|
|
|a 0124169678
|q (electronic bk.)
|
| 020 |
|
|
|a 9780124167490
|
| 020 |
|
|
|a 0124167497
|
| 035 |
|
|
|a (OCoLC)861528442
|z (OCoLC)861068580
|z (OCoLC)978017908
|
| 050 |
|
4 |
|a QP552.G16
|b E59 2013eb
|
| 072 |
|
7 |
|a SCI
|x 007000
|2 bisacsh
|
| 082 |
0 |
4 |
|a 572/.696
|2 23
|
| 049 |
|
|
|a TEFA
|
| 245 |
0 |
0 |
|a Inhibitors of the Ras superfamily g-proteins.
|n Part A /
|c edited by Fuyuhiko Tamanoi.
|
| 250 |
|
|
|a First edition.
|
| 264 |
|
1 |
|a Waltham, MA :
|b Academic Press,
|c 2013.
|
| 300 |
|
|
|a 1 online resource (361 pages) :
|b illustrations (some color).
|
| 336 |
|
|
|a text
|b txt
|2 rdacontent
|
| 337 |
|
|
|a computer
|b c
|2 rdamedia
|
| 338 |
|
|
|a online resource
|b cr
|2 rdacarrier
|
| 490 |
1 |
|
|a The enzymes,
|x 1874-6047 ;
|v volume thirty three
|
| 504 |
|
|
|a Includes bibliographical references and indexes.
|
| 588 |
0 |
|
|a Online resource; title from PDF title page (ebrary, viewed September 19, 2013).
|
| 650 |
|
0 |
|a Ras proteins.
|
| 650 |
|
0 |
|a G proteins.
|
| 650 |
|
7 |
|a SCIENCE
|x Life Sciences
|x Biochemistry.
|2 bisacsh
|
| 650 |
|
7 |
|a G proteins.
|2 fast
|0 (OCoLC)fst00936830
|
| 650 |
|
7 |
|a Ras proteins.
|2 fast
|0 (OCoLC)fst01090194
|
| 655 |
|
4 |
|a Electronic books.
|
| 700 |
1 |
|
|a Tamanoi, Fuyuhiko.
|
| 776 |
0 |
8 |
|i Print version:
|t Inhibitors of the Ras superfamily g-proteins. Part A.
|b First edition.
|z 0124167497
|z 9780124167490
|
| 830 |
|
0 |
|a Enzymes ;
|v v. 33.
|
| 856 |
4 |
0 |
|u https://www.sciencedirect.com/science/bookseries/18746047/33
|z Full Text via HEAL-Link
|